000 00974cam a22002651a 4500
001 e 21000519
003 DLC
005 20260227111212.0
008 850530s1921 dcu f000 0 eng c
010 _ae 21000519
035 _a(OCoLC)12096798
040 _aU.S. Office of Education. Library
_cABAU
_dABAU
_dDLC
042 _apremarc
050 0 0 _aL111
_b.A6 1921, no. 6
051 _aLB2371
_b.Z6
100 1 _aZook, George Frederick,
_d1885-1951.
245 1 0 _aOpportunities for study at American graduate schools /
_cby George F. Zook and Samuel P. Capen.
260 _aWashington :
_bG.P.O.,
_c1921.
300 _a59 p. ;
_c23 cm.
490 1 _aBulletin / Department of the Interior, Bureau of Education ;
_v1921, no. 6
650 0 _aUniversities and colleges
_zUnited States
_xGraduate work.
650 0 _aEducation, Higher
_zUnited States.
700 1 _aCapen, Samuel Paul,
_d1878-1956.
830 0 _aBulletin (United States. Bureau of Education) ;
_v1921, no. 6
999 _c20480
_d20480